| 000 | 00595pam a2200193 i 4500 | ||
|---|---|---|---|
| 020 | _a0525222006 | ||
| 082 | 0 | 0 |
_a355.009243 _bIRV _cL-30, P-147 |
| 100 | 1 |
_aIrving, David John Cawdell, _948603 |
|
| 245 | 1 | 4 |
_aThe trail of the fox / _cDavid Irving. |
| 250 | _a1st ed. | ||
| 260 |
_aNew York : _bDutton, _cc1977. |
||
| 300 |
_aviii, 496 p., [16] leaves of plates : _bill. ; _c25 cm. |
||
| 500 | _a"Thomas Congdon books." | ||
| 500 | _aIncludes index. | ||
| 526 |
_a0 _b0 _c0 _d355_009243000000000_IRV |
||
| 650 | 0 |
_aMarshals _zGermany _xBiography. _948604 |
|
| 650 | 0 |
_aMCE _9379 |
|
| 942 |
_2ddc _cBK |
||
| 999 |
_c551475 _d551475 |
||